| 000 | 00000nam##2200000za#4500 |
| 001 | 9.610968 |
| 003 | CaOODSP |
| 005 | 20200327121239 |
| 007 | ta |
| 008 | 150406|1993||||xxc||||| f|0| 0 eng|d |
| 022 | |a0706-6457 |
| 040 | |aCaOODSP|beng |
| 043 | |an-cn--- |
| 086 | 1 |aFs97-6/1935E |
| 110 | 1 |aCanada. |bDepartment of Fisheries and Oceans. |
| 245 | 10|aTiming of the gametogenic development and spawning period of the giant scallop Placopecten magellanicus (Gmelin) in the southern Gulf of St. Lawrence / |cby L.-A. Davidson et al. |
| 260 | |aOttawa - Ontario : |bFisheries and Oceans Canada |c1993. |
| 300 | |a14p. : |bfigs., graphs, references, tables ; |c28 cm. |
| 490 | 1 |aCanadian technical report of fisheries and aquatic sciences|x0706-6457|v1935 |
| 500 | |aPrepared in the Science Branch, Department of Fisheries and Oceans, Gulf Fisheries Centre, P.O. Box 5030, Moncton, New Brunswick E1C 9B6. |
| 546 | |aRésumés en français |
| 563 | |aSoftcover |
| 690 | 07|aFisheries|2gcpds |
| 690 | 07|aShellfish|2gcpds |
| 720 | 1 |aDavidson, L.-A. |
| 776 | 0#|tTiming of the gametogenic development and spawning period of the giant scallop Placopecten magellanicus (Gmelin) in the southern Gulf of St. Lawrence / |w(CaOODSP)9.573852 |
| 830 | #0|aCanadian technical report of fisheries and aquatic sciences,|x0706-6457|v1935|w(CaOODSP)9.514691 |